<?xml version="1.0" encoding="UTF-8"?>
<record
    xmlns:xsi="http://www.w3.org/2001/XMLSchema-instance"
    xsi:schemaLocation="http://www.loc.gov/MARC21/slim http://www.loc.gov/standards/marcxml/schema/MARC21slim.xsd"
    xmlns="http://www.loc.gov/MARC21/slim">

  <leader>01494nam a2200193 a 4500</leader>
  <controlfield tag="008">161215t1997    ag ||||g |||| 00| h spa d</controlfield>
  <datafield tag="020" ind1=" " ind2=" ">
    <subfield code="a">9500303302</subfield>
  </datafield>
  <datafield tag="092" ind1=" " ind2=" ">
    <subfield code="c">812</subfield>
    <subfield code="l">10</subfield>
    <subfield code="s">CAS</subfield>
  </datafield>
  <datafield tag="100" ind1="1" ind2=" ">
    <subfield code="a">Casona, Alejandro</subfield>
    <subfield code="9">3267</subfield>
  </datafield>
  <datafield tag="245" ind1=" " ind2=" ">
    <subfield code="a">Prohibido suicidarse en primavera.</subfield>
    <subfield code="b">Comedia en tres actos /</subfield>
    <subfield code="c">Alejandro Casona</subfield>
  </datafield>
  <datafield tag="250" ind1=" " ind2=" ">
    <subfield code="a">19a ed.</subfield>
  </datafield>
  <datafield tag="260" ind1=" " ind2=" ">
    <subfield code="a">Buenos Aires:</subfield>
    <subfield code="b">Losada;</subfield>
    <subfield code="c">1997.</subfield>
  </datafield>
  <datafield tag="300" ind1=" " ind2=" ">
    <subfield code="a">85 p.</subfield>
  </datafield>
  <datafield tag="500" ind1=" " ind2=" ">
    <subfield code="a">Casona, A. (1997). Prohibido suicidarse en primavera. Comedia en tres actos. (19a ed.). Buenos Aires : Losada.</subfield>
  </datafield>
  <datafield tag="505" ind1=" " ind2=" ">
    <subfield code="a">Alejandro Casona -cuyo nombre era Alejandro Rodr&#xED;guez &#xC1;lvarez- naci&#xF3; en 1903 en Besullo (Oviedo), estudi&#xF3; arte esc&#xE9;nico en el Conservatorio de Murcia, y Filosof&#xED;a y Letras en Madrid. La sirena varada, su primera comedia, gan&#xF3; el Premio Lope de Vega en 1943 y fue representada en el Espa&#xF1;ol de Madrid por Margarita Xirgu. Luego de recorrer en misi&#xF3;n art&#xED;stica varios pa&#xED;ses de Am&#xE9;rica, Casona se radic&#xF3; en Argentina, donde escribi&#xF3; sus obras mas conocidas. Habiendo regresado a Espa&#xF1;a, falleci&#xF3; en 1965. Nueve piezas de Alejando Casona han sido reunidas por la Editorial Losada en tres vol&#xFA;menes de su colecci&#xF3;n Gran Teatro del Mundo; varias de ellas igualmente famosas (La dama del alba, Nuestra Natacha, Los &#xE1;rboles mueren de pie, La serena varada y otras) se han editado tambi&#xE9;n en esta Biblioteca Cl&#xE1;sica y Contempor&#xE1;nea. </subfield>
  </datafield>
  <datafield tag="590" ind1=" " ind2=" ">
    <subfield code="a">Proyecto 4to libro. Donaci&#xF3;n Camila Ledesma</subfield>
  </datafield>
  <datafield tag="655" ind1=" " ind2=" ">
    <subfield code="a">Teatro</subfield>
    <subfield code="9">3268</subfield>
  </datafield>
  <datafield tag="942" ind1=" " ind2=" ">
    <subfield code="2">ddc</subfield>
    <subfield code="c">LIT</subfield>
  </datafield>
  <datafield tag="999" ind1=" " ind2=" ">
    <subfield code="c">2433</subfield>
    <subfield code="d">2433</subfield>
  </datafield>
  <datafield tag="952" ind1=" " ind2=" ">
    <subfield code="0">0</subfield>
    <subfield code="1">0</subfield>
    <subfield code="2">ddc</subfield>
    <subfield code="4">0</subfield>
    <subfield code="7">0</subfield>
    <subfield code="a">BFM</subfield>
    <subfield code="b">BFM</subfield>
    <subfield code="c">CR</subfield>
    <subfield code="d">2017-09-01</subfield>
    <subfield code="e">Donaci&#xF3;n Camila Ledesma, Agosto 2017</subfield>
    <subfield code="l">4</subfield>
    <subfield code="o">812 10 CAS</subfield>
    <subfield code="p">3894</subfield>
    <subfield code="r">2025-03-12</subfield>
    <subfield code="s">2025-02-19</subfield>
    <subfield code="t">Ej.1</subfield>
    <subfield code="w">2017-09-01</subfield>
    <subfield code="y">LIT</subfield>
    <subfield code="z">Donaci&#xF3;n Camila Ledesma, Agosto 2017</subfield>
  </datafield>
</record>
